Statystyki dla Strzelcy Premier League w klubach 2010/11

Kliknij tutaj aby rozwiązać quiz!

Ogólne statystyki

  • Ten quiz został rozwiązany 16 razy
  • Średni wynik to 6 z 20

Statystyki odpowiedzi

KlubNarodowość#Nazwisko% Poprawnych
Manchester UnitedBułgaria20Dimitar Berbatov
94%
Manchester CityArgentyna20Carlos Tévez
88%
ArsenalHolandia18Robin van Persie
88%
LiverpoolHolandia13Dirk Kuyt
63%
EvertonAustralia9Tim Cahill
56%
FulhamUSA12Clint Dempsey
44%
ChelseaFrancja13Florent Malouda
44%
Aston VillaAnglia9Darren Bent
31%
West Ham UnitedSenegal7Demba Ba
31%
SunderlandGhana10Asamoah Gyan
25%
Tottenham HotspurHolandia13Rafael van der Vaart
19%
Wigan AthleticFrancja/Kolumbia9Charles N'Zogbia/Hugo Rodallega
13%
Blackburn RoversKanada/Chorwacja/Grenada5Junior Hoilett/Nikola Kalinić/Jason Roberts
13%
Stoke CityTrynidad i Tobago9Kenwyne Jones
13%
Bolton WanderersSzwecja10Johan Elmander
6%
West Bromwich AlbionNigeria15Peter Odemwingie
6%
Wolverhampton WanderersSzkocja10Steven Fletcher
6%
Birmingham CityAnglia8Craig Gardner
0%
BlackpoolAnglia13DJ Campbell
0%
Newcastle UnitedAnglia12Kevin Nolan
0%

Rozkład punktacji

Percentyl według liczby udzielonych odpowiedzi

Procent ludzi z każdym wynikiem

Twoja historia wyników

Nie rozwiązałeś tego quizu